Statistics for Name the 7 characters from Community

Click here to take the quiz!

General Stats

  • This quiz has been taken 35 times
  • The average score is 7 of 7

Answer Stats

HintAnswer% Correct
BBritta Perry
100%
JJeff Winger
100%
TTroy Barnes
100%
AAbed Nadir
97%
AAnnie Edison
93%
PPierce Hawthorne
87%
SShirley Bennett
87%

Score Distribution

Percentile by Number Answered

Percent of People with Each Score

Your Score History

You have not taken this quiz